LIBRARY & INFORMATION CENTRE, KCAET, TAVANUR

ONLINE PUBLIC ACCESS CATALOGUE (OPAC)

Madhana Rajakumarante kadha / (Record no. 4997)

MARC details
000 -LEADER
fixed length control field 00356cam a2200133ua 4500
003 - CONTROL NUMBER IDENTIFIER
control field OSt
008 - FIXED-LENGTH DATA ELEMENTS--GENERAL INFORMATION
fixed length control field 191105b ||||| |||| 00| 0 eng d
082 ## - DEWEY DECIMAL CLASSIFICATION NUMBER
Classification number 891.812308
Item number GOV/MA
100 ## - MAIN ENTRY--AUTHOR NAME
Personal name Govinda Pillai, K .
245 ## - TITLE STATEMENT
Title Madhana Rajakumarante kadha /
260 ## - PUBLICATION, DISTRIBUTION, ETC. (IMPRINT)
Place of publication Quilon :
Name of publisher Sree Rama Vilasam Press & Book Depot.
300 ## - PHYSICAL DESCRIPTION
Number of Pages 121 ; .
942 ## - ADDED ENTRY ELEMENTS (KOHA)
Koha item type Books
Holdings
Withdrawn status Lost status Damaged status Home library Current library Date acquired Source of acquisition Full call number Accession Number Koha item type
Withdrawn     KAUAET KAUAET 07/04/2012 2 891.812308 1788 Books
free website counter